[Event "IECC CL7-2007.08 email"]
[Site "IECC email"]
[Date "2007.06.18"]
[Round "?"]
[White "Stevenson, Walter"]
[Black "Christianson, Gary"]
[Result "0-1"]
[WhiteElo "1023"]
[BlackElo "1131"]
[PlyCount "124"]
[EventDate "2007.??.??"]
[EventType "tourn (corr)"]
[EventRounds "4"]
[SourceTitle "Corr 2011"]
[Source "ChessBase"]
[SourceDate "2010.08.31"]
[SourceVersion "1"]
[SourceVersionDate "2010.08.31"]
[SourceQuality "1"]
[WhiteTeam "Italy"]
[BlackTeam "Chile"]
[WhiteTeamCountry "ITA"]
[BlackTeamCountry "CHI"]

1. d4 Nf6 2. c4 e6 3. Nc3 Bb4 4. Qc2 d5 5. a3 Bxc3+ 6. Qxc3 Ne4 7. Qc2 Nc6 8. e3 b6 9. Bd3 f5 10. Bxe4 dxe4 11. Ne2 Ba6 12. Qa4 Bb7 13. Nf4 Qd7 14. Nxe6 Qxe6 15. d5 Qd6 16. dxc6 Bxc6 17. Qc2 0-0-0 18. 0-0 g5 19. h3 h5 20. b4 Qd3 21. Ra2 Rh6 22. Bd2 Qxc2 23. Rxc2 Ba4 24. Rb2 Rhd6 25. Bc3 Rd3 26. Bf6 Rg8 27. Ra1 Rg6 28. Bd4 f4 29. Re2 f3 30. gxf3 exf3 31. Ree1 Bb3 32. Rec1 h4 33. c5 b5 34. Rc3 Rxc3 35. Bxc3 g4 36. Kh1 g3 37. Kg1 g2 38. Rb1 Be6 39. Kh2 a6 40. Rg1 c6 41. Be5 Kd7 42. Bd6 Bd5 43. Be5 Ke6 44. Bc7 Rg8 45. Bf4 Kf5 46. Bd6 Bb3 47. Be7 Rh8 48. Rb1 Bc2 49. Rc1 Ke6 50. Bxh4 Rxh4 51. Rxc2 Rh5 52. Rc1 Kd5 53. Kg3 Rg5+ 54. Kh2 Rg6 55. Kg1 Rg7 56. Kh2 Rd7 57. Rd1+ Ke6 58. Rxd7 Kxd7 59. e4 Ke6 60. h4 Kf6 61. Kg1 Ke5 62. h5 Kf6 0-1

[Event "IECC CL7-2007.03 email"]
[Site "IECC email"]
[Date "2007.02.20"]
[Round "?"]
[White "Maggiora, Aldo"]
[Black "Christianson, Gary"]
[Result "1-0"]
[WhiteElo "1154"]
[BlackElo "1134"]
[PlyCount "115"]
[EventDate "2007.??.??"]
[EventType "tourn (corr)"]
[EventRounds "4"]
[SourceTitle "Corr 2008"]
[Source "ChessBase"]
[SourceDate "2008.06.24"]
[SourceVersion "1"]
[SourceVersionDate "2008.06.24"]
[SourceQuality "1"]
[WhiteTeam "Italy"]
[BlackTeam "US of America"]
[WhiteTeamCountry "ITA"]
[BlackTeamCountry "USA"]

1. e4 c5 2. Nf3 d6 3. d4 cxd4 4. Nxd4 Nf6 5. Nc3 a6 6. Be2 e5 7. Nb3 Be7 8. 0-0 0-0 9. Qd3 b5 10. a4 b4 11. Nd5 Be6 12. Nxb4 a5 13. Nd5 Nc6 14. c3 Rb8 15. Nd2 g6 16. Nc4 Bxd5 17. exd5 e4 18. Qc2 Ne5 19. Nxe5 dxe5 20. Bh6 Qxd5 21. Bxf8 Bxf8 22. Bb5 Be7 23. Rad1 Qe6 24. Qd2 Rc8 25. Qe2 Kg7 26. h3 h5 27. Rd2 Bc5 28. Rfd1 Qb6 29. Re1 Qe6 30. Kh2 g5 31. Kg1 h4 32. Red1 Be7 33. Bd7 Nxd7 34. Rxd7 f5 35. R1d6 Qxd6 36. Rxd6 Bxd6 37. Qd2 Rc6 38. Qxg5+ Kf7 39. Qxf5+ Ke8 40. Qh5+ Kd7 41. Qxh4 Rb6 42. Qh7+ Kd8 43. b3 Rc6 44. c4 Rc5 45. g4 Rc7 46. Qh8+ Kd7 47. g5 Rb7 48. g6 e3 49. fxe3 Rxb3 50. g7 Rb8 51. Qxb8 Bxb8 52. g8Q Bc7 53. Qd5+ Kc8 54. c5 Kb8 55. c6 Kc8 56. Qg8+ Bd8 57. Qf7 e4 58. Qb7# 1-0

[Event "IECC CL7-2006.18 email"]
[Site "IECC email"]
[Date "2006.12.13"]
[Round "?"]
[White "Christianson, Gary"]
[Black "Simmons, Ernest"]
[Result "1-0"]
[WhiteElo "1122"]
[BlackElo "1067"]
[PlyCount "67"]
[EventDate "2006.??.??"]
[EventType "tourn (corr)"]
[EventRounds "4"]
[SourceTitle "Corr 2008"]
[Source "ChessBase"]
[SourceDate "2008.06.24"]
[SourceVersion "1"]
[SourceVersionDate "2008.06.24"]
[SourceQuality "1"]

1. d4 Nf6 2. c4 e6 3. Nf3 b6 4. Nc3 Bb4 5. Bd2 Bb7 6. e3 0-0 7. Bd3 d5 8. 0-0 Ba6 9. b3 Be7 10. Qc2 g6 11. Ne5 Kg7 12. e4 dxc4 13. bxc4 Qxd4 14. Nf3 Qd8 15. e5 Nfd7 16. Be4 c6 17. Ne2 Bxc4 18. Qxc4 Qc7 19. Bc3 b5 20. Qd3 Nc5 21. Qe3 Nbd7 22. Ned4 Nxe4 23. Qxe4 Nb8 24. Bd2 Bc5 25. Qh4 Kg8 26. Ng5 h5 27. Rfe1 Nd7 28. Qe4 Bxd4 29. Qxd4 c5 30. Qf4 a5 31. Nf3 b4 32. Rac1 Nb6 33. Qh6 Rfd8 34. Bg5 1-0

[Event "IECC CL7-2006.16 email"]
[Site "IECC email"]
[Date "2006.10.31"]
[Round "?"]
[White "Renze, John"]
[Black "Christianson, Gary"]
[Result "1-0"]
[WhiteElo "1076"]
[BlackElo "1072"]
[PlyCount "83"]
[EventDate "2006.??.??"]
[EventType "tourn (corr)"]
[EventRounds "4"]
[SourceTitle "Corr 2020"]
[Source "ChessBase"]
[SourceDate "2019.09.30"]
[SourceVersion "1"]
[SourceVersionDate "2019.09.30"]
[SourceQuality "1"]
[WhiteTeam "United States"]
[BlackTeam "United States"]
[WhiteTeamCountry "USA"]
[BlackTeamCountry "USA"]

1. d4 Nf6 2. Nf3 e6 3. e3 b6 4. Bd3 Bb4+ 5. c3 Be7 6. 0-0 d5 7. Nbd2 Nbd7 8. Re1 Bb7 9. e4 0-0 10. e5 Nh5 11. Nf1 h6 12. Qc2 g6 13. Bxh6 Re8 14. Bxg6 Nf8 15. Bxh5 f5 16. exf6 Bxf6 17. Bxe8 Qxe8 18. Bxf8 Kxf8 19. Ne5 Ke7 20. Ng3 Kd6 21. Qb3 Bxe5 22. Rxe5 Qf7 23. Rae1 Re8 24. Qc2 Kd7 25. Qd2 Bc8 26. Qh6 a6 27. R1e3 Kc6 28. Rf3 Qd7 29. Qg6 Kb7 30. Rf7 Qd8 31. Qf6 Qxf6 32. Rxf6 a5 33. Nf5 a4 34. Ng7 Rg8 35. Nxe6 Bxe6 36. Rfxe6 a3 37. b3 Rd8 38. Re8 Rd6 39. h4 b5 40. R8e6 Rb6 41. Rxb6+ Kxb6 42. Rxd5 1-0

[Event "IECC M-5485"]
[Site "IECC email"]
[Date "2006.05.23"]
[Round "?"]
[White "Christianson, Gary"]
[Black "Robertson, John"]
[Result "1-0"]
[WhiteElo "1000"]
[BlackElo "917"]
[PlyCount "69"]
[EventDate "2006.??.??"]
[EventType "tourn (corr)"]
[EventRounds "10"]
[SourceTitle "Corr 2020"]
[Source "ChessBase"]
[SourceDate "2019.09.30"]
[SourceVersion "1"]
[SourceVersionDate "2019.09.30"]
[SourceQuality "1"]
[WhiteTeam "United States"]
[BlackTeam "Australia"]
[WhiteTeamCountry "USA"]
[BlackTeamCountry "AUS"]

1. d4 d5 2. c4 c6 3. e3 Nf6 4. Nf3 Nbd7 5. Nc3 e6 6. Bd3 Bb4 7. 0-0 0-0 8. Bd2 Bd6 9. c5 Bc7 10. Re1 b5 11. cxb6 Nxb6 12. b3 Re8 13. Rc1 Bd7 14. e4 e5 15. dxe5 dxe4 16. Nxe4 Nxe4 17. Bxe4 Be6 18. Bxc6 Nd5 19. Bxe8 Qxe8 20. Nd4 Rc8 21. a4 Bb6 22. Nb5 Nc7 23. Nd6 Qd7 24. Nxc8 Qxc8 25. a5 Bd4 26. Bb4 Qd7 27. Bc5 Nb5 28. Bxd4 Nxd4 29. h3 g6 30. Re4 Nxb3 31. Qxd7 Bxd7 32. Rc7 Be6 33. a6 Nd2 34. Rb4 Bf5 35. Rxa7 1-0